000 00548nam a2200205Ia 4500
005 20250923145055.0
008 008 250917s9999 xx 000 0 eng d
037 _aTextual
040 _aDSWL
_beng
_cDSWL
041 _aeng
_2eng
084 _aX:9.73, N52
_qDSWL
100 _aMee, John F.
_9831517
245 0 _aPersonnel handbook
_cby John F. Mee
260 _aNew York
_b Ronald Press
_c1952
300 _a850p.
365 _aUSD
_b10
925 _g10
942 _cTEXL
_hX:9.73, N52
999 _c1446778
_d1446778